Development in a divided world (Record no. 63496)
[ view plain ]
| 000 -LEADER | |
|---|---|
| fixed length control field | 00715nam a2200169 a 4500 |
| 008 - FIXED-LENGTH DATA ELEMENTS--GENERAL INFORMATION | |
| fixed length control field | 120416s1971 ||||||||||||||||| || u |
| 050 ## - LIBRARY OF CONGRESS CALL NUMBER | |
| Classification number | HC 59.7 Dev |
| 100 ## - MAIN ENTRY--PERSONAL NAME | |
| Personal name | Seers, Dudley |
| 245 10 - TITLE STATEMENT | |
| Title | Development in a divided world |
| Statement of responsibility, etc. | edited by Dudley Seers |
| 260 ## - PUBLICATION, DISTRIBUTION, ETC. | |
| Place of publication, distribution, etc. | Harmondsworth |
| Name of publisher, distributor, etc. | Penguin |
| Date of publication, distribution, etc. | 1971 |
| 300 ## - PHYSICAL DESCRIPTION | |
| Extent | 368p. |
| 350 ## - | |
| -- | 0.00 |
| 650 #0 - SUBJECT ADDED ENTRY--TOPICAL TERM | |
| Topical term or geographic name entry element | ECONOMIC DEVELOPMENT |
| 700 ## - ADDED ENTRY--PERSONAL NAME | |
| Personal name | Joy, Leonard |
| 995 ## - | |
| -- | MAIN LIBRARY OPEN ACCESS |
| -- | 0.00 |
| -- | 703275 |
| -- | CBU-MAIN LIBRARY (Kitwe) |
| -- | 1 |
| -- | 0.00 |
| -- | HC 59.7 Dev |
| -- | 1 |
| -- | AVAILABLE |
| -- | 002068 |
| -- | Main Library Open Access Collection |
| 995 ## - | |
| -- | MAIN LIBRARY OPEN ACCESS |
| -- | 0.00 |
| -- | 700113 |
| -- | CBU-MAIN LIBRARY (Kitwe) |
| -- | 2 |
| -- | 0.00 |
| -- | HC 59.7 Dev |
| -- | 2 |
| -- | AVAILABLE |
| -- | 002069 |
| -- | Main Library Open Access Collection |
| 999 ## - | |
| -- | 63496 |
| -- | 63496 |
| Withdrawn status | Lost status | Source of classification or shelving scheme | Damaged status | Not for loan | Permanent Location | Current Location | Shelving location | Date acquired | Total Checkouts | Full call number | Barcode | Date last seen | Price effective from | Koha item type |
|---|---|---|---|---|---|---|---|---|---|---|---|---|---|---|
| CBU-MAIN LIBRARY, KITWE. | CBU-MAIN LIBRARY, KITWE. | 12/24/2022 | HC 59.7 Dev | 002068 | 12/24/2022 | 12/24/2022 | MONOGRAPH | |||||||
| CBU-MAIN LIBRARY, KITWE. | CBU-MAIN LIBRARY, KITWE. | 12/24/2022 | HC 59.7 Dev | 002069 | 12/24/2022 | 12/24/2022 | MONOGRAPH |